000 00639nam a2200241Ia 4500
003 OSt
005 20220924132014.0
006 a|||||r|||| 00| 0
007 ta
008 220923b |||||||| |||| 00| 0 tel d
020 _c9.00
024 _a336370
037 _cTextual
040 _aARTS
_cARTS
_btel
041 _2tel
_atel
082 _aO35,3NLA9,32, M0
100 _aLalitha Devi J.
_9203517
245 0 _aVishnu priya
260 _aVijyawada
_bNavajyothi publication
_c1980
650 _aTELUGU FICTION
942 _hO35,3NLA9,32, M0
_cTEXL
_2CC
999 _c428971
_d428971